00490nam a22001577a 4500020001800000041000800018082001700026100002000043245003500063260003600098300000800134650001900142942000700161952014700168999001700315 a9780334027140 aeng a297.1228 JOM aJomier, Jacques aThe Great Themes of the Qur'An aLondonbSCM Press Limitedc1978 a129 aQuran-Theology cBK 001040708NFICaHMIbHMIcGENd2022-06-24eDr. Andreas D'Souza collectionl1o297.1228 JOMp11002870r2022-12-09s2022-12-02w2022-06-24yBK c23260d23260